000 00695nam a2200277Ia 4500
005 20260324114936.0
008 008 260324s9999 xx 000 0 eng d
020 _a9781003007265
037 _aEBOOK
040 _aCRL
040 _beng
040 _cCRL
041 _2eng
041 _aeng
084 _qCRL
100 _aMohamed Elhoseny; K Shankar; Mohamed Abdel-Basset
_91152757
245 0 _aArtificial Intelligence Techniques in IoT Sensor Networks
260 _bTaylor and Francis
260 _c2020
365 _a
365 _b290
856 _uhttp://www.taylorfrancis.com/books/9781003007265
942 _cEBOOK
999 _c1743257
_d1743257